[Event "Lorraine-ch"]
[Site "Hayange"]
[Date "2013.05.17"]
[Round "1"]
[White "Pucher, Daniel"]
[Black "Racine, Eliane"]
[Result "1-0"]
[WhiteElo "1645"]
[BlackElo "1010"]
[PlyCount "51"]
[EventDate "2013.05.17"]
[EventType "swiss"]
[EventRounds "7"]
[EventCountry "FRA"]
[SourceTitle "EXT 2014"]
[Source "ChessBase"]
[SourceDate "2013.11.20"]
[SourceVersion "1"]
[SourceVersionDate "2013.11.20"]
[SourceQuality "1"]

1. Nf3 e6 2. b3 Nc6 3. Bb2 b6 4. e3 d5 5. Bb5 Bd7 6. 0-0 Bd6 7. Bxg7 Be5 8. Nxe5 Qg5 9. Bxh8 0-0-0 10. Nxc6 Ne7 11. Nxd8 Qg8 12. Bxd7+ Kxd7 13. Nxf7 Qxf7 14. Be5 c6 15. Qg4 h5 16. Qa4 a5 17. Nc3 Ng6 18. f4 Nh4 19. Ne2 Qg8 20. Ng3 Ng6 21. Nxh5 Qe8 22. Nf6+ Ke7 23. Nxe8 Kxe8 24. Qxc6+ Kf7 25. Qd7+ Kg8 26. Qg7# 1-0

[Event "FRA-chT2O 0203"]
[Site "France"]
[Date "2002.12.08"]
[Round "4.7"]
[White "Pucher, Daniel"]
[Black "Ledoux, Sebastien"]
[Result "1-0"]
[WhiteElo "1730"]
[BlackElo "1330"]
[PlyCount "49"]
[EventDate "2002.10.??"]
[EventType "team"]
[EventRounds "11"]
[EventCountry "FRA"]
[SourceTitle "EXT 2004"]
[Source "ChessBase"]
[SourceDate "2003.11.25"]
[SourceVersion "1"]
[SourceVersionDate "2003.11.25"]
[SourceQuality "1"]
[WhiteTeam "Metz Fischer II"]
[BlackTeam "Metz Fischer"]
[WhiteTeamCountry "FRA"]
[BlackTeamCountry "FRA"]

1. Nf3 Nc6 2. d4 d5 3. c4 e6 4. Nc3 Be7 5. Bf4 Bf6 6. e3 Nh6 7. cxd5 exd5 8. Nb5 0-0 9. Nxc7 Rb8 10. Qb3 Be6 11. Nxe6 fxe6 12. Bxb8 Qxb8 13. Bd3 Na5 14. Qb5 Qc7 15. 0-0 Nc6 16. Rac1 Be7 17. h3 a6 18. Qb3 Bd6 19. Ng5 Qe7 20. Nxh7 Rb8 21. Qd1 Nf5 22. Qh5 Bc7 23. Ng5 Qd6 24. f4 Nxe3 25. Bh7+ 1-0